[Event "EU-ch U18 Girls 25th"]
[Site "Porec"]
[Date "2015.09.24"]
[Round "4"]
[White "Drogovoz, Maria"]
[Black "Machlik, Edit"]
[Result "1/2-1/2"]
[WhiteElo "1924"]
[BlackElo "1972"]
[PlyCount "72"]
[EventDate "2015.09.21"]
[EventType "swiss"]
[EventRounds "9"]
[EventCountry "CRO"]
[SourceTitle "EXT 2016"]
[Source "ChessBase"]
[SourceDate "2015.10.08"]
[SourceVersion "1"]
[SourceVersionDate "2015.10.08"]
[SourceQuality "1"]

1. e4 c6 2. Nf3 d5 3. Nc3 Bg4 4. h3 Bxf3 5. Qxf3 e6 6. d4 dxe4 7. Qxe4 Nf6 8. Qh4 Nbd7 9. Bd3 Nd5 10. Qxd8+ Rxd8 11. Nxd5 cxd5 12. a4 Bd6 13. a5 a6 14. c3 Nb8 15. 0-0 0-0 16. b4 Rc8 17. Bd2 Nc6 18. Rfb1 Ra8 19. Kf1 Rfb8 20. Ke2 Kf8 21. f4 g6 22. Ke3 Ke7 23. c4 dxc4 24. Bxc4 Rd8 25. b5 Nxd4 26. Kxd4 Bxf4+ 27. Ke4 Bxd2 28. bxa6 bxa6 29. Rb7+ Ke8 30. Rf1 f5+ 31. Ke5 Rac8 32. Bxe6 Rc5+ 33. Kf6 Bc3+ 34. Kg5 Bd2+ 35. Kf6 Bc3+ 36. Kg5 Bd2+ 1/2-1/2

[Event "Wch U20 Girls 33rd"]
[Site "Khanty-Mansiysk"]
[Date "2015.09.15"]
[Round "13"]
[White "Drogovoz, Maria"]
[Black "Voskresenskaya, Marta"]
[Result "1-0"]
[WhiteElo "1924"]
[BlackElo "1703"]
[PlyCount "109"]
[EventDate "2015.09.02"]
[EventType "swiss"]
[EventRounds "13"]
[EventCountry "RUS"]
[SourceTitle "EXT 2016"]
[Source "ChessBase"]
[SourceDate "2015.10.08"]
[SourceVersion "1"]
[SourceVersionDate "2015.10.08"]
[SourceQuality "1"]

1. e4 d5 2. exd5 Qxd5 3. Nc3 Qd6 4. d4 Nf6 5. Nf3 a6 6. g3 g6 7. Bg2 Bg7 8. 0-0 Nc6 9. Bf4 Qd8 10. d5 Na7 11. a4 0-0 12. Nd4 Rb8 13. Re1 Bd7 14. Qe2 Re8 15. Qc4 Rc8 16. Qc5 b6 17. Qc4 Nh5 18. Nc6 Nxc6 19. dxc6 Be6 20. Rxe6 Bxc3 21. Re3 e5 22. Qxc3 exf4 23. Rxe8+ Qxe8 24. Re1 Qf8 25. g4 Ng7 26. Qc4 Rd8 27. Qxf4 Ne6 28. Qc4 Qd6 29. Bf3 Ng5 30. Bg2 Qf6 31. c3 Rd2 32. f4 Ne6 33. Rf1 Qh4 34. h3 Nc5 35. Rf3 Qe1+ 36. Kh2 Rxb2 37. Qd4 Rd2 38. Qe3 Re2 39. Qd4 Re8 40. a5 Nb3 41. Qd7 Re7 42. Qd8+ Kg7 43. axb6 Nd2 44. Qd4+ Kg8 45. Rf2 Nb3 46. Qd8+ Kg7 47. Rf1 Qe2 48. bxc7 Nd2 49. Qd4+ f6 50. Rf2 Qe6 51. Rxd2 Rxc7 52. Qd6 Qc8 53. Qd8 Rxc6 54. Bxc6 Qxc6 55. Qd7+ 1-0

[Event "Wch U20 Girls 33rd"]
[Site "Khanty-Mansiysk"]
[Date "2015.09.11"]
[Round "9"]
[White "Drogovoz, Maria"]
[Black "Lingur, Zalina"]
[Result "1/2-1/2"]
[WhiteElo "1924"]
[BlackElo "2128"]
[PlyCount "104"]
[EventDate "2015.09.02"]
[EventType "swiss"]
[EventRounds "13"]
[EventCountry "RUS"]
[SourceTitle "EXT 2016"]
[Source "ChessBase"]
[SourceDate "2015.10.08"]
[SourceVersion "1"]
[SourceVersionDate "2015.10.08"]
[SourceQuality "1"]

1. e4 c5 2. Nf3 d6 3. d4 cxd4 4. Nxd4 Nf6 5. Nc3 a6 6. Be3 e5 7. Nb3 Be6 8. f3 Nbd7 9. g4 Nb6 10. g5 Nh5 11. Na5 Qc7 12. Qd2 Be7 13. 0-0-0 0-0 14. Qf2 Na4 15. Nd5 Bxd5 16. Rxd5 Nc5 17. Nb3 Ne6 18. h4 Nef4 19. Rd1 b5 20. Kb1 Rac8 21. Bh3 Nxh3 22. Rxh3 Qd7 23. Rh2 Qe6 24. Nc1 a5 25. Rd5 f5 26. Qe1 fxe4 27. fxe4 Qg4 28. Rxb5 Qxe4 29. Re2 Qc4 30. Rxa5 d5 31. b3 Qc6 32. Qd1 Rcd8 33. Rf2 Rxf2 34. Bxf2 Nf4 35. Nd3 Nxd3 36. Qxd3 d4 37. Rxe5 Ba3 38. Re1 Qg2 39. Bxd4 Rf8 40. Bb2 Bxb2 41. Kxb2 Kh8 42. Re4 Qh2 43. Rd4 Qe5 44. Qe4 Qc7 45. a4 Qb6 46. Rd7 h5 47. Qd4 Qg6 48. Rd8 Rg8 49. Qd5 Re8 50. Rxe8+ Qxe8 51. a5 Qc8 52. g6 Qxc2+ 1/2-1/2

[Event "Wch U20 Girls 33rd"]
[Site "Khanty-Mansiysk"]
[Date "2015.09.08"]
[Round "7"]
[White "Drogovoz, Maria"]
[Black "Leonardi, Caterina"]
[Result "1-0"]
[WhiteElo "1924"]
[BlackElo "2080"]
[PlyCount "71"]
[EventDate "2015.09.02"]
[EventType "swiss"]
[EventRounds "13"]
[EventCountry "RUS"]
[SourceTitle "EXT 2016"]
[Source "ChessBase"]
[SourceDate "2015.10.08"]
[SourceVersion "1"]
[SourceVersionDate "2015.10.08"]
[SourceQuality "1"]

1. e4 e6 2. Qe2 c5 3. Nf3 Nc6 4. g3 g6 5. c3 Bg7 6. Bg2 Nge7 7. 0-0 0-0 8. Na3 d6 9. d4 cxd4 10. cxd4 Nxd4 11. Nxd4 Bxd4 12. Nb5 Bg7 13. Rd1 d5 14. exd5 Nxd5 15. Bxd5 exd5 16. Bf4 g5 17. Bc7 Qd7 18. Ba5 b6 19. Bc3 Bb7 20. Bxg7 Kxg7 21. Nd4 Rae8 22. Qc2 Re4 23. f3 Re5 24. g4 Rfe8 25. Rac1 Rc8 26. Qd2 f6 27. Rxc8 Bxc8 28. Rc1 h5 29. Qc2 Re8 30. Qc7 Re1+ 31. Kf2 Rxc1 32. Nf5+ Kg6 33. Qxc1 hxg4 34. fxg4 d4 35. Qxc8 Qf7 36. Qh8 1-0

[Event "Wch U20 Girls 33rd"]
[Site "Khanty-Mansiysk"]
[Date "2015.09.02"]
[Round "1"]
[White "Drogovoz, Maria"]
[Black "Movileanu, Daniela"]
[Result "0-1"]
[WhiteElo "1924"]
[BlackElo "2221"]
[PlyCount "110"]
[EventDate "2015.09.02"]
[EventType "swiss"]
[EventRounds "13"]
[EventCountry "RUS"]
[SourceTitle "EXT 2016"]
[Source "ChessBase"]
[SourceDate "2015.10.08"]
[SourceVersion "1"]
[SourceVersionDate "2015.10.08"]
[SourceQuality "1"]

1. e4 c5 2. Nf3 d6 3. Nc3 Nf6 4. d4 cxd4 5. Nxd4 a6 6. g3 e5 7. Nb3 Nbd7 8. a4 b6 9. Bg2 Be7 10. 0-0 0-0 11. Re1 Bb7 12. Nd2 Rc8 13. Nf1 Nc5 14. f3 Ne6 15. Nd5 Nxd5 16. exd5 Nc5 17. f4 Bf6 18. Ra2 b5 19. axb5 axb5 20. fxe5 Bxe5 21. b3 Qb6 22. Kh1 Nd7 23. Be3 Qc7 24. Bd4 Ra8 25. Rxa8 Rxa8 26. Ne3 Bxd4 27. Qxd4 Ne5 28. Qb4 g6 29. h3 Qa5 30. Qxa5 Rxa5 31. Bf1 Kg7 32. c4 Ra3 33. cxb5 Rxb3 34. Kg2 Rb2+ 35. Re2 Rxb5 36. Rd2 Rb3 37. Nc2 Rb2 38. Kf2 Bxd5 39. Rxd5 Rxc2+ 40. Ke3 Rc3+ 41. Kf2 Rc6 42. Ke3 Kf8 43. Kf4 Ke7 44. h4 Rc3 45. Be2 h5 46. Rd4 Rc2 47. Re4 Kf6 48. g4 hxg4 49. Bxg4 Nxg4 50. Kxg4 d5 51. Re8 Rc4+ 52. Kg3 Kf5 53. Rf8 f6 54. Rf7 Rg4+ 55. Kh3 Re4 0-1

[Event "Minsk op"]
[Site "Minsk"]
[Date "2015.07.15"]
[Round "1"]
[White "Kovalev, Vladislav"]
[Black "Drogovoz, Maria"]
[Result "1-0"]
[WhiteElo "2539"]
[BlackElo "1966"]
[PlyCount "95"]
[EventDate "2015.07.15"]
[EventType "swiss"]
[EventRounds "9"]
[EventCountry "BLR"]
[SourceTitle "CBM 167 Extra"]
[Source "ChessBase"]
[SourceDate "2015.09.14"]
[SourceVersion "1"]
[SourceVersionDate "2015.09.14"]
[SourceQuality "1"]

1. e4 c5 2. Nf3 d6 3. d4 cxd4 4. Qxd4 a6 5. c4 Nc6 6. Qe3 g6 7. Be2 Bh6 8. Qc3 Qa5 9. 0-0 Qxc3 10. Nxc3 Bxc1 11. Raxc1 e6 12. Rfd1 Ke7 13. Nd4 Bd7 14. Rd2 Nf6 15. Rcd1 Rhd8 16. Nc2 Be8 17. f3 Na7 18. a4 b6 19. Kf2 Rab8 20. Nb4 a5 21. Nc2 Nd7 22. Nd4 Nc5 23. Ndb5 Nxb5 24. axb5 Nb3 25. Rd3 Nc5 26. Re3 f6 27. f4 Bf7 28. Rh3 Rh8 29. Rh6 g5 30. f5 e5 31. Ke3 Nb3 32. Rd5 Nd4 33. Bh5 Bg8 34. Kd3 Rf8 35. g4 Rb8 36. h4 gxh4 37. g5 Rf8 38. Bg4 fxg5 39. Rdxd6 Rd8 40. Rxd8 Kxd8 41. Na4 Kc7 42. Nxb6 Nb3 43. Na4 Kb7 44. Kc3 Nd4 45. Nc5+ Kc7 46. b6+ Kb8 47. Nd7+ Kb7 48. Nxe5 1-0

[Event "Voronezh op-A 19th"]
[Site "Voronezh"]
[Date "2015.06.15"]
[Round "4"]
[White "Drogovoz, Maria"]
[Black "Dimitrova, Aleksandra"]
[Result "0-1"]
[WhiteElo "2025"]
[BlackElo "2126"]
[PlyCount "116"]
[EventDate "2015.06.12"]
[EventType "swiss"]
[EventRounds "9"]
[EventCountry "RUS"]
[SourceTitle "CBM 167 Extra"]
[Source "ChessBase"]
[SourceDate "2015.09.14"]
[SourceVersion "1"]
[SourceVersionDate "2015.09.14"]
[SourceQuality "1"]

1. e4 c5 2. Nf3 e6 3. g3 Nc6 4. Bg2 d6 5. 0-0 Nf6 6. Re1 Be7 7. c3 0-0 8. d4 Qc7 9. dxc5 dxc5 10. Bf4 e5 11. Bd2 h6 12. Na3 Be6 13. Qe2 a6 14. Nh4 Rfd8 15. Red1 b5 16. Nf5 Bf8 17. c4 Bxf5 18. exf5 Nd4 19. Qd3 Rab8 20. Nc2 e4 21. Bxe4 bxc4 22. Qxc4 Nxe4 23. Bf4 Bd6 24. Rxd4 cxd4 25. Qxc7 Bxc7 26. Bxc7 Rxb2 27. Bxd8 Rxc2 28. Rd1 Nc3 29. Rd3 Rxa2 30. Bb6 Ra4 31. Kg2 Nb5 32. Kf3 Kf8 33. Bc5+ Ke8 34. Ke4 Kd7 35. Bf8 Nd6+ 36. Kf4 Kc6 37. Bxg7 Kd5 38. f3 Nb5 39. Bxh6 Kc4 40. Rd1 Nc3 41. Rh1 d3 42. Ke5 Rb4 43. g4 Rb6 44. g5 d2 45. g6 f6+ 46. Kf4 Rb8 47. Bg7 Nd5+ 48. Kg4 Kd3 49. Bxf6 Nxf6+ 50. Kg5 Ng8 51. h4 Kc2 52. h5 Rb1 53. Rh2 Rg1+ 54. Kf4 Kc1 55. Rxd2 Kxd2 56. Ke5 a5 57. f6 Nxf6 58. Kxf6 a4 0-1

[Event "Voronezh op-A 19th"]
[Site "Voronezh"]
[Date "2015.06.12"]
[Round "1"]
[White "Kholopov, Alexander A"]
[Black "Drogovoz, Maria"]
[Result "1-0"]
[WhiteElo "2352"]
[BlackElo "2025"]
[PlyCount "39"]
[EventDate "2015.06.12"]
[EventType "swiss"]
[EventRounds "9"]
[EventCountry "RUS"]
[SourceTitle "CBM 167 Extra"]
[Source "ChessBase"]
[SourceDate "2015.09.14"]
[SourceVersion "1"]
[SourceVersionDate "2015.09.14"]
[SourceQuality "1"]

1. c4 e5 2. Nc3 Nf6 3. Nf3 Nc6 4. e4 Bc5 5. Nxe5 Nxe5 6. d4 Bxd4 7. Qxd4 Nc6 8. Qd1 h6 9. Be2 d6 10. 0-0 0-0 11. Be3 Re8 12. f3 a5 13. Qd2 Nd7 14. Rfe1 Nc5 15. Bf1 f5 16. exf5 Bxf5 17. Nd5 Ne5 18. Bxc5 dxc5 19. Qf4 Qg5 20. Rxe5 1-0

[Event "Moscow op-B (Women)"]
[Site "Moscow"]
[Date "2015.02.06"]
[Round "7"]
[White "Drogovoz, Maria"]
[Black "Beshukova, Alina"]
[Result "1-0"]
[WhiteElo "1991"]
[BlackElo "1866"]
[PlyCount "43"]
[EventDate "2015.01.31"]
[EventType "swiss"]
[EventRounds "9"]
[EventCountry "RUS"]
[SourceTitle "CBM 164 Extra"]
[Source "ChessBase"]
[SourceDate "2015.03.02"]
[SourceVersion "1"]
[SourceVersionDate "2015.03.02"]
[SourceQuality "1"]

1. e4 c5 2. Nf3 e6 3. d4 cxd4 4. Nxd4 a6 5. Nc3 Qc7 6. Bd3 b5 7. a3 Bb7 8. 0-0 Nf6 9. Qe2 d6 10. Kh1 Be7 11. f4 Nbd7 12. Bd2 0-0 13. Rae1 Rac8 14. e5 Nd5 15. exd6 Bxd6 16. Nxe6 Nxc3 17. Bxc3 fxe6 18. Qxe6+ Rf7 19. Bxh7+ Kf8 20. Bg6 Re7 21. Qf5+ Kg8 22. Rxe7 1-0

[Event "Moscow op-B (Women)"]
[Site "Moscow"]
[Date "2015.02.02"]
[Round "3"]
[White "Drogovoz, Maria"]
[Black "Shkljar, Valeria"]
[Result "1-0"]
[WhiteElo "1991"]
[BlackElo "1699"]
[PlyCount "125"]
[EventDate "2015.01.31"]
[EventType "swiss"]
[EventRounds "9"]
[EventCountry "RUS"]
[SourceTitle "CBM 164 Extra"]
[Source "ChessBase"]
[SourceDate "2015.03.02"]
[SourceVersion "1"]
[SourceVersionDate "2015.03.02"]
[SourceQuality "1"]

1. e4 c5 2. Nf3 d6 3. d4 cxd4 4. Nxd4 Nf6 5. Nc3 e6 6. g3 a6 7. Bg2 Qc7 8. 0-0 Be7 9. a4 Nc6 10. Nb3 0-0 11. f4 Bd7 12. g4 Rfd8 13. g5 Ne8 14. a5 Nb4 15. Be3 Rdc8 16. f5 exf5 17. exf5 Bc6 18. Rf2 d5 19. f6 Bd6 20. Qh5 Be5 21. Bd4 Bxd4 22. Nxd4 Qe5 23. fxg7 Nd6 24. Qh4 Ne4 25. Nxe4 dxe4 26. Nxc6 Nxc6 27. Bxe4 Qxg7 28. Qh6 Rc7 29. Qxg7+ Kxg7 30. Ra4 Re8 31. h4 Nxa5 32. Bxh7 Kxh7 33. Rxa5 Re1+ 34. Kg2 Rb1 35. c3 Kg6 36. Raf5 Ra1 37. Rf6+ Kg7 38. h5 Ra5 39. R6f5 Rxf5 40. Rxf5 Rc4 41. h6+ Kg6 42. Rf6+ Kxg5 43. h7 Rh4 44. Rxf7 b5 45. Kg3 Rh6 46. Kf3 Kg6 47. Ra7 Kf5 48. Rxa6 Rxh7 49. Rb6 Rh3+ 50. Kg2 Rd3 51. Rxb5+ Ke4 52. Rb4+ Ke3 53. Kg3 Kd2+ 54. Kf4 Kc2 55. Ke4 Rd7 56. Rb8 Rd2 57. c4 Rd7 58. c5 Rd1 59. c6 Re1+ 60. Kd5 Rd1+ 61. Kc5 Kb1 62. c7 Rc1+ 63. Kb6 1-0

[Event "EU-ch U16 Girls 24th"]
[Site "Batumi"]
[Date "2014.10.23"]
[Round "5"]
[White "Dadello, Aleksandra"]
[Black "Drogovoz, Maria"]
[Result "1-0"]
[WhiteElo "1907"]
[BlackElo "2167"]
[PlyCount "31"]
[EventDate "2014.10.19"]
[EventType "swiss"]
[EventRounds "9"]
[EventCountry "GEO"]
[SourceTitle "EXT 2015"]
[Source "ChessBase"]
[SourceDate "2014.11.20"]
[SourceVersion "1"]
[SourceVersionDate "2014.11.20"]
[SourceQuality "1"]

1. e4 e6 2. d4 d5 3. Nc3 Nf6 4. e5 Nfd7 5. f4 c5 6. Nf3 Nc6 7. Be3 Be7 8. Qd2 0-0 9. Be2 b6 10. 0-0 Bb7 11. Kh1 Rc8 12. Rad1 cxd4 13. Nxd4 Nxd4 14. Bxd4 h6 15. f5 exf5 16. Rxf5 1-0

[Event "Senta op 18th"]
[Site "Senta"]
[Date "2014.07.20"]
[Round "3"]
[White "Nagy, Attila"]
[Black "Drogovoz, Maria"]
[Result "1-0"]
[WhiteElo "2212"]
[BlackElo "1952"]
[PlyCount "131"]
[EventDate "2014.07.19"]
[EventType "swiss"]
[EventRounds "9"]
[EventCountry "SRB"]
[SourceTitle "CBM 161 Extra"]
[Source "ChessBase"]
[SourceDate "2014.08.29"]
[SourceVersion "1"]
[SourceVersionDate "2014.08.29"]
[SourceQuality "1"]

1. Nf3 Nf6 2. g3 g6 3. Bg2 Bg7 4. 0-0 0-0 5. c4 c5 6. Nc3 Nc6 7. d3 d6 8. Rb1 Bd7 9. a3 Ne8 10. Bd2 Nc7 11. b4 b6 12. b5 Nd4 13. a4 Rb8 14. Nxd4 Bxd4 15. e3 Bg7 16. a5 Bc8 17. axb6 axb6 18. Bc6 Bb7 19. Qf3 Bxc6 20. Qxc6 Qc8 21. Ra1 Qb7 22. Qxb7 Rxb7 23. Ra3 Ra8 24. Rfa1 Rxa3 25. Rxa3 h5 26. Kg2 Kf8 27. Nd5 Ke8 28. Bc3 Bxc3 29. Nxc3 e6 30. Kf3 Ke7 31. h4 d5 32. g4 hxg4+ 33. Kxg4 Kf6 34. f4 Kg7 35. e4 f5+ 36. exf5 exf5+ 37. Kf3 dxc4 38. dxc4 Ne8 39. Nd5 Nd6 40. Ne3 Re7 41. Rd3 Ne4 42. h5 Kh6 43. hxg6 Kxg6 44. Rd5 Rf7 45. Nxf5 Nd2+ 46. Rxd2 Kxf5 47. Rd5+ Ke6 48. Ke4 Rh7 49. Rg5 Kf6 50. Rf5+ Ke6 51. Rf8 Rd7 52. f5+ Ke7 53. Rb8 Rd4+ 54. Ke5 Rxc4 55. Rxb6 Rc1 56. Rb7+ Ke8 57. f6 c4 58. Rc7 Rb1 59. Ke6 Re1+ 60. Kd5 Rd1+ 61. Kc6 c3 62. f7+ Kf8 63. Kb7 Rb1 64. b6 Rb3 65. Ka7 Ra3+ 66. Kb8 1-0

[Event "SRB Central-ch op-A 7th"]
[Site "Paracin"]
[Date "2014.07.07"]
[Round "4"]
[White "Kuzmanovic, Slobodan"]
[Black "Drogovoz, Maria"]
[Result "1-0"]
[WhiteElo "2120"]
[BlackElo "1952"]
[PlyCount "49"]
[EventDate "2014.07.04"]
[EventType "swiss"]
[EventRounds "9"]
[EventCountry "SRB"]
[SourceTitle "CBM 161 Extra"]
[Source "ChessBase"]
[SourceDate "2014.08.29"]
[SourceVersion "1"]
[SourceVersionDate "2014.08.29"]
[SourceQuality "1"]

1. e4 c5 2. Nf3 d6 3. d4 cxd4 4. Nxd4 Nf6 5. Nc3 a6 6. Bc4 e6 7. Bb3 Nc6 8. Be3 Be7 9. Qf3 Nxd4 10. Bxd4 0-0 11. Qg3 Qa5 12. 0-0-0 Bd7 13. Rhe1 Bc6 14. f4 Nh5 15. Qg4 Nf6 16. Qg3 Nh5 17. Qg4 Nf6 18. Qf3 Nd7 19. Nd5 exd5 20. exd5 Bf6 21. Bxf6 Nxf6 22. dxc6 bxc6 23. Qxc6 Rab8 24. Qxd6 Rxb3 25. cxb3 1-0

[Event "SRB Central-ch op-A 7th"]
[Site "Paracin"]
[Date "2014.07.04"]
[Round "1"]
[White "Drogovoz, Maria"]
[Black "Svicevic, Rastko"]
[Result "0-1"]
[WhiteElo "1952"]
[BlackElo "2300"]
[PlyCount "90"]
[EventDate "2014.07.04"]
[EventType "swiss"]
[EventRounds "9"]
[EventCountry "SRB"]
[SourceTitle "CBM 161 Extra"]
[Source "ChessBase"]
[SourceDate "2014.08.29"]
[SourceVersion "1"]
[SourceVersionDate "2014.08.29"]
[SourceQuality "1"]

1. e4 c5 2. Nf3 g6 3. d4 cxd4 4. Nxd4 Nc6 5. Nc3 Bg7 6. Be3 Nf6 7. Bc4 0-0 8. Bb3 Na5 9. 0-0 Nxb3 10. Nxb3 d6 11. h3 Bd7 12. Re1 Bc6 13. Bg5 h6 14. Bh4 Nd7 15. Rb1 Be5 16. Nd4 Re8 17. Qd2 Qb6 18. Nf3 Bg7 19. Nd5 Qd8 20. c3 Rc8 21. Rbd1 Nb6 22. Nxb6 Qxb6 23. Nd4 Qa5 24. f4 Ba4 25. b3 Bd7 26. c4 Bxd4+ 27. Qxd4 Qxa2 28. Re3 Qa5 29. e5 Bc6 30. Ra1 dxe5 31. fxe5 Rcd8 32. Rxa5 Rxd4 33. Bf2 a6 34. e6 f5 35. Rg3 Rd1+ 36. Kh2 Kh7 37. Ra2 g5 38. Rc3 Kg6 39. Re2 Red8 40. Bc5 Kf6 41. Kg3 R1d3+ 42. Rxd3 Rxd3+ 43. Kf2 f4 44. b4 Bxg2 45. h4 g4 0-1

[Event "Wch U16 Girls"]
[Site "Al Ain"]
[Date "2013.12.23"]
[Round "7"]
[White "Drogovoz, Maria"]
[Black "Breedt, Shade"]
[Result "1-0"]
[WhiteElo "1899"]
[BlackElo "1638"]
[PlyCount "83"]
[EventDate "2013.12.18"]
[EventType "swiss"]
[EventRounds "11"]
[EventCountry "UAE"]
[SourceTitle "CBM 158 Extra"]
[Source "ChessBase"]
[SourceDate "2014.02.28"]
[SourceVersion "1"]
[SourceVersionDate "2014.02.28"]
[SourceQuality "1"]

1. e4 c5 2. Nf3 d6 3. d4 cxd4 4. Nxd4 g6 5. Nc3 Bg7 6. g3 Nc6 7. Nde2 Nf6 8. Bg2 0-0 9. 0-0 Rb8 10. a4 a6 11. h3 b5 12. axb5 axb5 13. Be3 Bd7 14. Nd5 Ne8 15. Rb1 e6 16. Ndf4 Qe7 17. Qd2 Ne5 18. b3 Bc6 19. Rfd1 Qb7 20. f3 b4 21. Nd4 Nd7 22. Nd3 Nc5 23. Nxc6 Bc3 24. Qe2 Qxc6 25. Nxc5 dxc5 26. Qc4 Rc8 27. e5 Qc7 28. f4 Ng7 29. g4 f6 30. exf6 Bxf6 31. Rd3 Be7 32. Rbd1 Qb6 33. Rd7 Rc7 34. Rxe7 Rxe7 35. Bxc5 Qc7 36. Bxe7 Qxe7 37. Rd4 Rb8 38. Kh1 Kh8 39. Qd3 e5 40. Qe4 Rb5 41. Qa8+ Qe8 42. Rd8 1-0

[Event "EU-ch U16 Girls 23rd"]
[Site "Budva"]
[Date "2013.10.01"]
[Round "3"]
[White "Drogovoz, Maria"]
[Black "Egorova, Ayyna"]
[Result "0-1"]
[WhiteElo "1890"]
[BlackElo "1997"]
[PlyCount "42"]
[EventDate "2013.09.29"]
[EventType "swiss"]
[EventRounds "9"]
[EventCountry "MNE"]
[SourceTitle "EXT 2014"]
[Source "ChessBase"]
[SourceDate "2013.11.20"]
[SourceVersion "1"]
[SourceVersionDate "2013.11.20"]
[SourceQuality "1"]

1. e4 e5 2. Nf3 Nc6 3. Nc3 Nf6 4. d3 d5 5. exd5 Nxd5 6. Bd2 Bb4 7. g3 Bg4 8. Bg2 Nxc3 9. bxc3 Bc5 10. Qb1 Qf6 11. Bg5 Qf5 12. Nd4 exd4 13. Qxb7 0-0 14. Qxc6 Rae8+ 15. Be3 dxe3 16. f3 Re6 17. Qxc7 e2 18. d4 Qxc2 19. Qxc5 Qb2 20. fxg4 Qxa1+ 21. Kf2 e1Q+ 0-1